Region capitals of Guyana - Statistics

General Stats
  • This quiz has been taken 26 times
  • The average score is 9 of 10
Answer Stats
Hint Answer % Correct
Cuyuni-Mazaruni Bartica
100%
Mahaica-Berbice Fort Wellington
100%
Upper Takutu-Upper Essequibo Lethem
100%
Upper Demerara-Berbice Linden
100%
Barima-Waini Mabaruma
100%
East Berbice-Corentyne New Amsterdam
100%
Pomeroon-Supenaam Anna Regina
92%
Essequibo Islands-West Demerara Vreed-En-Hoop
92%
Demerara-Mahaica Triumph
85%
Potaro-Siparuni Mahdia
77%
No matching quizzes found
Score Distribution
Percent of People with Each Score
Percentile by Number Answered
Your Score History
You have not taken this quiz